=LDR 00000nam 2200000 4500 =001 INLIS000000000043993 =005 20131008104124 =008 ***********************************ind** =035 ##$$0010-101300000001915 =041 ##$$a ind =082 ##$$a 2x7 =090 ##$$a 2x7, ARA p =100 ##$$a Arafah =245 ##$$a Pendidikan Agama Islam Jilid 2, Tim Arafah =260 ##$$a 2003 $b Semarang =300 ##$$a viii, 61 hlm., illus, 28 cm =650 ##$$a Agama Islam =850 ##$$a NBPNMAT